[Event "Novi Sad Serbia op-B"]
[Site "Novi Sad"]
[Date "2022.07.02"]
[Round "5"]
[White "Stanojevic, Ilija"]
[Black "Bakvic, Zoran"]
[Result "1-0"]
[WhiteElo "1956"]
[BlackElo "1938"]
[PlyCount "65"]
[EventDate "2022.06.28"]
[EventType "swiss"]
[EventRounds "9"]
[EventCountry "SRB"]
[SourceTitle "EXT 2023"]
[Source "ChessBase"]
[SourceDate "2022.10.05"]
[SourceVersion "1"]
[SourceVersionDate "2022.10.05"]
[SourceQuality "1"]

1. d4 Nf6 2. c4 e6 3. g3 Bb4+ 4. Nd2 d5 5. Bg2 0-0 6. Ngf3 b6 7. 0-0 Bb7 8. Ne5 Qc8 9. cxd5 Bxd5 10. e4 Bb7 11. Qc2 Rd8 12. Nb3 a5 13. Be3 Bd6 14. Rac1 Na6 15. Nc6 Bxc6 16. Qxc6 Nb4 17. Qc4 Ne8 18. a3 Na6 19. e5 Be7 20. d5 b5 21. Qxb5 Rb8 22. Qc4 g6 23. Nxa5 exd5 24. Bxd5 Rxd5 25. Qxd5 Rxb2 26. Nc4 Rb8 27. Rfd1 Ng7 28. Ba7 Bf8 29. Bxb8 Qxb8 30. Nd2 Ne6 31. Ne4 Qb2 32. Rc6 Qe2 33. Rxe6 1-0

[Event "Stari Banovci Vidovdan op"]
[Site "Stari Banovci"]
[Date "2017.07.01"]
[Round "4"]
[White "Bakvic, Zoran"]
[Black "Mastrapovic, Vladimir"]
[Result "1-0"]
[WhiteElo "1945"]
[BlackElo "2255"]
[PlyCount "59"]
[EventDate "2017.06.28"]
[EventType "swiss"]
[EventRounds "9"]
[EventCountry "SRB"]
[SourceTitle "EXT 2018"]
[Source "ChessBase"]
[SourceDate "2017.10.13"]
[SourceVersion "1"]
[SourceVersionDate "2017.10.13"]
[SourceQuality "1"]

1. d4 Nf6 2. Nf3 g6 3. Bf4 Bg7 4. e3 0-0 5. Be2 d6 6. h3 b6 7. 0-0 Bb7 8. c4 c5 9. Nc3 cxd4 10. exd4 Nc6 11. Rc1 Rc8 12. b3 d5 13. Ne5 dxc4 14. Nxc6 Bxc6 15. bxc4 Ne4 16. Nxe4 Bxe4 17. Be3 Qd7 18. Qd2 Rfd8 19. d5 Qa4 20. g4 g5 21. Bxg5 f6 22. Be3 e6 23. f3 Bg6 24. Rfd1 Bf7 25. Qc2 Qa3 26. Bd3 exd5 27. Kf2 Qd6 28. Bxh7+ Kh8 29. Kg2 Qc7 30. Bf2 1-0

[Event "Novi Sad Serbian op"]
[Site "Novi Sad"]
[Date "2016.11.07"]
[Round "3"]
[White "Bakvic, Zoran"]
[Black "Grcic, Vukasin"]
[Result "0-1"]
[WhiteElo "1949"]
[BlackElo "2083"]
[PlyCount "84"]
[EventDate "2016.11.06"]
[EventType "swiss"]
[EventRounds "9"]
[EventCountry "SRB"]
[SourceTitle "CBM 175 Extra"]
[Source "ChessBase"]
[SourceDate "2016.12.12"]
[SourceVersion "1"]
[SourceVersionDate "2016.12.12"]
[SourceQuality "1"]

1. Nf3 d5 2. d4 c5 3. c4 e6 4. e3 Nc6 5. Be2 Nf6 6. 0-0 a6 7. b3 Be7 8. Bb2 0-0 9. Nc3 b6 10. Rc1 Bb7 11. Bd3 Rc8 12. Bb1 dxc4 13. bxc4 cxd4 14. exd4 Na5 15. Na4 Nxc4 16. Bc3 b5 17. Nb2 Ba3 18. Rc2 Nxb2 19. Bxb2 Bxb2 20. Rxb2 Bxf3 21. gxf3 Rc4 22. Rd2 Nd5 23. Bd3 Nc3 24. Qe1 Rxd4 25. Qe3 Qd6 26. Rc1 b4 27. Rxc3 bxc3 28. Bxh7+ Kxh7 29. Rxd4 Qa3 30. Qd3+ Kg8 31. Rh4 f5 32. Rc4 Qc1+ 33. Kg2 Qg5+ 34. Kf1 Rd8 35. Qxc3 Rd1+ 36. Ke2 Qg1 37. Rd4 Qf1+ 38. Ke3 Re1+ 39. Kf4 e5+ 40. Kxf5 exd4 41. Qb3+ Kh7 42. Qc2 Qe2 0-1